[Event "ESP-ch FEDC 28th"]
[Site "Ubeda"]
[Date "2019.11.21"]
[Round "3"]
[White "Garrido Busto, Francisco"]
[Black "Mondelo Fidalgo, Antonio"]
[Result "0-1"]
[WhiteElo "1469"]
[BlackElo "1679"]
[PlyCount "51"]
[EventDate "2019.11.19"]
[EventType "swiss"]
[EventRounds "8"]
[EventCountry "ESP"]
[SourceTitle "EXT 2024"]
[Source "ChessBase"]
[SourceDate "2023.10.10"]
[SourceVersion "1"]
[SourceVersionDate "2023.10.10"]
[SourceQuality "1"]

1. e4 c5 2. Nf3 e6 3. d4 cxd4 4. Nxd4 a6 5. c4 Nf6 6. Nc3 d6 7. Be2 Be7 8. 0-0 0-0 9. Bg5 b6 10. Bf3 Ra7 11. Re1 Qc7 12. Be2 Bb7 13. Bd3 Nbd7 14. Nf3 Qb8 15. Rc1 Qa8 16. b4 Rc8 17. Qe2 Bd8 18. Bf4 Bc7 19. h3 a5 20. Nb5 Ra6 21. Nxc7 Rxc7 22. Bxd6 Rc8 23. c5 Ra7 24. cxb6 Nxb6 25. Bc5 Nfd7 26. b5 0-1

[Event "ESP-ch FEDC 28th"]
[Site "Ubeda"]
[Date "2019.11.19"]
[Round "1"]
[White "Draghici Flutur, Gavril"]
[Black "Mondelo Fidalgo, Antonio"]
[Result "1-0"]
[WhiteElo "2110"]
[BlackElo "1679"]
[PlyCount "56"]
[EventDate "2019.11.19"]
[EventType "swiss"]
[EventRounds "8"]
[EventCountry "ESP"]
[SourceTitle "EXT 2024"]
[Source "ChessBase"]
[SourceDate "2023.10.10"]
[SourceVersion "1"]
[SourceVersionDate "2023.10.10"]
[SourceQuality "1"]

1. e4 e6 2. d4 d5 3. Bd3 dxe4 4. Bxe4 Nf6 5. Bf3 Bd6 6. Nc3 c6 7. Bg5 Nbd7 8. Qd3 Qb6 9. 0-0-0 Qc7 10. Nge2 b5 11. Nxb5 cxb5 12. Bxa8 Qa5 13. Bxf6 Nxf6 14. Bc6+ Bd7 15. Bxd7+ Nxd7 16. Nc3 a6 17. Ne4 Be7 18. Kb1 0-0 19. h4 Rc8 20. g4 Rc4 21. b3 Rc8 22. g5 Nb6 23. h5 Nd5 24. c3 Rxc3 25. Qe2 Bxg5 26. Qb2 Be7 27. Rc1 Ba3 28. Rxc3 Nxc3+ 1-0

[Event "ESP-ch FEDC 27th"]
[Site "Almunecar"]
[Date "2018.11.30"]
[Round "5"]
[White "Mondelo Fidalgo, Antonio"]
[Black "Pimienta Sanchez, Manuel"]
[Result "1/2-1/2"]
[WhiteElo "1690"]
[BlackElo "1779"]
[PlyCount "110"]
[EventDate "2018.11.26"]
[EventType "swiss"]
[EventRounds "8"]
[EventCountry "ESP"]
[SourceTitle "EXT 2024"]
[Source "ChessBase"]
[SourceDate "2023.10.10"]
[SourceVersion "1"]
[SourceVersionDate "2023.10.10"]
[SourceQuality "1"]

1. Nf3 d6 2. d4 Nf6 3. h3 g6 4. Bg5 Bg7 5. Nbd2 0-0 6. e3 a5 7. a4 c6 8. Be2 Na6 9. 0-0 Nc7 10. c3 Qe8 11. Bf4 Bf5 12. Nc4 Ncd5 13. Bh2 Qd8 14. Re1 b5 15. Ncd2 Nc7 16. Bf1 Bd7 17. e4 Nh5 18. e5 dxe5 19. Nxe5 Be8 20. Be2 Nf6 21. Nb3 bxa4 22. Nc5 Ncd5 23. Nxa4 Bh6 24. Bf3 Rc8 25. Nd3 Nd7 26. Nac5 Nxc5 27. Nxc5 Qb6 28. Qc2 Bf4 29. Bxf4 Nxf4 30. Rxe7 Rb8 31. Na4 Qd8 32. Rae1 Ne6 33. Ra7 Qg5 34. Re5 Qf4 35. Raxa5 Ng7 36. Re4 Qc7 37. Rae5 Bd7 38. Nc5 Bf5 39. Re7 Qxe7 40. Rxe7 Bxc2 41. Nd7 Rxb2 42. Nxf8 Kxf8 43. Rc7 Ba4 44. Ra7 Bb5 45. d5 cxd5 46. Bxd5 Be8 47. Ra8 Rb1+ 48. Kh2 Ke7 49. c4 Rc1 50. Ra7+ Kf6 51. Ra6+ Ke5 52. Ra7 Ne6 53. Re7 Ba4 54. Rxf7 Kd4 55. Bxe6 h5 1/2-1/2

[Event "Almunecar FEDC op 21th"]
[Site "Almunecar"]
[Date "2018.10.06"]
[Round "5"]
[White "Mondelo Fidalgo, Antonio"]
[Black "Garrido Busto, Francisco"]
[Result "1-0"]
[WhiteElo "1702"]
[BlackElo "1444"]
[PlyCount "65"]
[EventDate "2018.10.02"]
[EventType "swiss"]
[EventRounds "7"]
[EventCountry "ESP"]
[SourceTitle "EXT 2024"]
[Source "ChessBase"]
[SourceDate "2023.10.10"]
[SourceVersion "1"]
[SourceVersionDate "2023.10.10"]
[SourceQuality "1"]

1. d4 Nf6 2. Nf3 d5 3. Bf4 Bf5 4. e3 e6 5. c4 c6 6. Qb3 b6 7. Be2 Bd6 8. Ne5 Nfd7 9. Nxf7 Kxf7 10. Bxd6 Nf6 11. Bf4 Nbd7 12. Nd2 Re8 13. Nf3 Kg8 14. 0-0 h6 15. Ne5 Nxe5 16. Bxe5 Ne4 17. Rad1 Qh4 18. f3 Nf6 19. Bg3 Qg5 20. Bf4 Qg6 21. Rd2 Rf8 22. Kh1 Rf7 23. g4 Nxg4 24. fxg4 Be4+ 25. Kg1 h5 26. Qd1 Raf8 27. Bf3 hxg4 28. Bxe4 Qxe4 29. Rg2 Rxf4 30. exf4 Qe3+ 31. Kh1 Rxf4 32. Rxf4 Qxf4 33. Qxg4 1-0

[Event "ESP-ch FEDC 26th"]
[Site "Ciudad Real"]
[Date "2017.11.17"]
[Round "6.13"]
[White "Mondelo Fidalgo, Antonio"]
[Black "Diez Asensio, Jesus"]
[Result "1/2-1/2"]
[WhiteElo "1677"]
[BlackElo "1833"]
[PlyCount "96"]
[EventDate "2017.11.12"]
[EventType "swiss"]
[EventRounds "8"]
[EventCountry "ESP"]
[SourceTitle "EXT 2024"]
[Source "ChessBase"]
[SourceDate "2023.10.10"]
[SourceVersion "1"]
[SourceVersionDate "2023.10.10"]
[SourceQuality "1"]

1. d4 Nf6 2. Bf4 g6 3. Nf3 Bg7 4. e3 0-0 5. h3 d6 6. Be2 Nbd7 7. 0-0 c5 8. Nbd2 b6 9. c3 Bb7 10. a4 a6 11. Rb1 cxd4 12. exd4 Nd5 13. Bg3 Bh6 14. Re1 Bf4 15. Bxf4 Nxf4 16. Bf1 Nf6 17. Bc4 Rc8 18. Bf1 Re8 19. Qb3 Kg7 20. Bc4 e6 21. Rbd1 Rc7 22. Bf1 Nd7 23. Ne4 Qe7 24. g3 Nh5 25. Bg2 Nhf6 26. Ned2 Qd8 27. Nc4 Bd5 28. Nfd2 Qa8 29. Bxd5 Qxd5 30. Ne3 Qc6 31. Qc4 Qb7 32. Qd3 b5 33. axb5 axb5 34. Nc2 Rb8 35. Qf3 Nb6 36. Qxb7 Rcxb7 37. Nb4 Na4 38. Nd3 d5 39. Ra1 Ng8 40. Nf3 Ne7 41. Nfe5 f6 42. Nf3 Kf7 43. Re2 Nc6 44. Rae1 Re7 45. Kg2 b4 46. Rc1 bxc3 47. bxc3 Nb6 48. Rb2 Nc4 1/2-1/2

[Event "Madrid FEDC-ch 25th"]
[Site "Madrid"]
[Date "2016.11.10"]
[Round "5"]
[White "Septien Lopez, Valeriano"]
[Black "Mondelo Fidalgo, Antonio"]
[Result "1-0"]
[WhiteElo "1843"]
[BlackElo "1692"]
[PlyCount "85"]
[EventDate "2016.11.06"]
[EventType "swiss"]
[EventRounds "8"]
[EventCountry "ESP"]
[SourceTitle "CBM 175 Extra"]
[Source "ChessBase"]
[SourceDate "2016.12.12"]
[SourceVersion "1"]
[SourceVersionDate "2016.12.12"]
[SourceQuality "1"]

1. e4 e6 2. d4 d5 3. Bd3 dxe4 4. Bxe4 Nf6 5. Bf3 c5 6. Ne2 Be7 7. Nbc3 Qa5 8. Bd2 Qb6 9. Na4 Qb5 10. Nec3 Qa5 11. dxc5 Na6 12. a3 Qc7 13. b4 Bd7 14. Nb2 Qe5+ 15. Qe2 Qc7 16. Nb5 Qb8 17. 0-0 0-0 18. Nd4 Qc7 19. Nd3 Rad8 20. Bf4 Qc8 21. Ne5 Nb8 22. Nxd7 Rxd7 23. Nb5 Nc6 24. Rad1 Rfd8 25. Rxd7 Rxd7 26. Rd1 Rxd1+ 27. Qxd1 e5 28. Be3 e4 29. Be2 Qe6 30. Nd4 Nxd4 31. Bxd4 Nd5 32. Bc4 Qf5 33. g3 h5 34. Be3 Nxe3 35. fxe3 Bg5 36. Qe2 Qe5 37. Qf2 Qa1+ 38. Kg2 Bf6 39. Qf4 Qxa3 40. Qxe4 Qc3 41. Qe8+ Kh7 42. Bd3+ Kh6 43. Qxf7 1-0

[Event "Benidorm Ciegos-ch 15th"]
[Site "Benidorm"]
[Date "2015.06.07"]
[Round "1"]
[White "Mondelo Fidalgo, Antonio"]
[Black "Jimenez Mahillo, David"]
[Result "1-0"]
[WhiteElo "1765"]
[BlackElo "1333"]
[PlyCount "73"]
[EventDate "2015.06.07"]
[EventType "swiss"]
[EventRounds "7"]
[EventCountry "ESP"]
[SourceTitle "CBM 167 Extra"]
[Source "ChessBase"]
[SourceDate "2015.09.14"]
[SourceVersion "1"]
[SourceVersionDate "2015.09.14"]
[SourceQuality "1"]

1. d4 d5 2. Nf3 Nc6 3. Bf4 Bf5 4. e3 Nf6 5. Bd3 Bg4 6. Nbd2 e6 7. h3 Bxf3 8. Nxf3 Bb4+ 9. c3 Bd6 10. Ne5 Ne7 11. Qb3 Rb8 12. Qa4+ c6 13. 0-0 a6 14. Qc2 h6 15. a4 c5 16. dxc5 Bxc5 17. Rad1 0-0 18. c4 Bd6 19. c5 Bc7 20. b4 Nc6 21. Nxc6 bxc6 22. Bxc7 Qxc7 23. Rb1 a5 24. b5 cxb5 25. axb5 Rfc8 26. Rfc1 Nd7 27. c6 Ne5 28. Be2 Qa7 29. Qa4 f5 30. Ra1 Ra8 31. Rcb1 Qb6 32. Qd4 Qb8 33. Rc1 Qd6 34. Qc5 Qd8 35. f4 Nf7 36. b6 Ra6 37. Bxa6 1-0

[Event "Linares FEDC-ch 24th"]
[Site "Linares"]
[Date "2014.11.19"]
[Round "4"]
[White "Mondelo Fidalgo, Antonio"]
[Black "Pimienta Sanchez, Manuel"]
[Result "0-1"]
[WhiteElo "1739"]
[BlackElo "1820"]
[PlyCount "152"]
[EventDate "2014.11.16"]
[EventType "swiss"]
[EventRounds "8"]
[EventCountry "ESP"]
[SourceTitle "CBM 163 Extra"]
[Source "ChessBase"]
[SourceDate "2014.12.23"]
[SourceVersion "1"]
[SourceVersionDate "2014.12.23"]
[SourceQuality "1"]

1. d4 f5 2. Nf3 Nf6 3. g3 e6 4. Bg2 Be7 5. c4 c6 6. 0-0 d5 7. b3 0-0 8. Ne5 Nbd7 9. Bf4 Nxe5 10. Bxe5 Nd7 11. Bf4 Bf6 12. Bc1 dxc4 13. e3 cxb3 14. Qxb3 Re8 15. Nd2 Nb6 16. Bb2 Kh8 17. Nf3 Nd5 18. Ne5 Bxe5 19. dxe5 Qb6 20. Qc2 Qd8 21. e4 Ne7 22. exf5 Nxf5 23. Be4 Qg5 24. f4 Qd8 25. Rae1 Qb6+ 26. Qf2 Qxf2+ 27. Kxf2 Ne7 28. Rc1 Kg8 29. Rfd1 Nd5 30. Ba3 h6 31. Bd6 Bd7 32. Rd3 Rec8 33. Rb1 b6 34. a4 Kf7 35. Kf3 c5 36. a5 c4 37. Rxd5 exd5 38. Bxd5+ Be6 39. Bxa8 Rxa8 40. axb6 axb6 41. Rxb6 Ra2 42. h4 c3 43. Rb7+ Kg8 44. Rc7 c2 45. Ke3 Bb3 46. Bb4 Ra1 47. Bd2 Rg1 48. Kf2 Rd1 49. Ke2 Rb1 50. Be3 Rh1 51. Rc3 Be6 52. Bd2 Rh2+ 53. Ke3 Bf5 54. Be1 Rh1 55. Bd2 Rg1 56. Kf2 Rd1 57. Be3 Kf7 58. Kf3 h5 59. Rc7+ Ke6 60. Rc6+ Kd7 61. Rc3 Rh1 62. Rc4 Rh2 63. Bc1 Ke8 64. Rc7 Kd8 65. Rc3 Kd7 66. Ba3 Rd2 67. Bc1 Rd1 68. Bb2 Rb1 69. Ba3 Rb5 70. Rc4 Rb3+ 71. Kf2 Rxa3 72. Ke1 Rxg3 73. Kd2 Rg2+ 74. Kc1 Rg1+ 75. Kd2 Rd1+ 76. Ke3 c1Q+ 0-1

[Event "Benidorm FEDC op 14th"]
[Site "Benidorm"]
[Date "2014.06.08"]
[Round "1"]
[White "Ardila Pacheco, Julian"]
[Black "Mondelo Fidalgo, Antonio"]
[Result "0-1"]
[WhiteElo "1235"]
[BlackElo "1743"]
[PlyCount "50"]
[EventDate "2014.06.08"]
[EventType "swiss"]
[EventRounds "7"]
[EventCountry "ESP"]
[SourceTitle "EXT 2016"]
[Source "ChessBase"]
[SourceDate "2015.10.08"]
[SourceVersion "1"]
[SourceVersionDate "2015.10.08"]
[SourceQuality "1"]

1. e4 c5 2. c3 d5 3. e5 Nc6 4. d4 e6 5. Nf3 Qb6 6. a3 Nh6 7. Be2 cxd4 8. cxd4 Nf5 9. 0-0 Nfxd4 10. Be3 Nxf3+ 11. Bxf3 Qxb2 12. Nd2 Qxe5 13. g3 Be7 14. Qc2 Qf6 15. Qc1 0-0 16. Rb1 Rd8 17. Bc5 Rb8 18. Bg2 Bxc5 19. Qxc5 Qd4 20. Qc2 Qf6 21. Rb3 Nd4 22. Qd3 Nxb3 23. Qxb3 Bd7 24. a4 Qd4 25. Nf3 Qxa4 0-1